|
|
|
|
| LEADER |
00797nam a22002292a 4500 |
| 001 |
000471806 |
| 003 |
CZ BrMZK |
| 005 |
20050404084430.0 |
| 007 |
ta |
| 008 |
990307s1990 xo f slo d |
| 020 |
|
|
|a 80-0800934-9
|
| 040 |
|
|
|a BOA001
|b cze
|c BOA001
|
| 041 |
1 |
|
|a slo
|h cze
|
| 100 |
1 |
|
|a Holoubek, Zdeněk
|7 jx20040603003
|4 aut
|
| 245 |
1 |
0 |
|a Základy techického kreslenia pre 8.ročník osobitnej školy :
|b prac. zoš. pre 8. ročník osobitnej školy s vyučovacím jaz. slov. /
|c Zdeněk Holoubek
|
| 250 |
|
|
|a 2. vyd.
|
| 260 |
|
|
|a Bratislava :
|b Slovenské pedagogické nakladateľstvo,
|c 1990
|
| 300 |
|
|
|a 28 s.
|
| 910 |
|
|
|a BOA001
|b PK-N-0028.792
|
| 990 |
|
|
|a BK
|
| 991 |
|
|
|b 200504
|
| 996 |
7 |
|
|b 3119834033
|c PK-N-0028.792
|l MZK
|r Sklad / do 1 hodiny
|n 0
|w 000471806
|u 000010
|a 1
|e BOA001
|j MZK50
|s A
|